000 01251naa a22003617a 4500
001 BR9401375
003 BR-BrBNA
005 20240918180918.0
007 ta
008 230509b bl.||||| |||| 00| 0 por d
040 _aBR-BrBNA
_bpor
_cBiblioteca Nacional de Agricultura
041 _a(Pt)
072 _aU10; Q02
_b1220
_b1540
090 _aU10 BR9401375
100 1 _aRossi, S.J.
100 1 _aFioreze, R.
100 1 _aOliveira, A.M.C. de
100 1 _aMalzac, H.F.
111 1 _a11. Congresso Brasileiro de Engenharia Agricola
_cBrasilia, DF (Brazil)
_d1981
245 1 _aPropriedades termicas de castanhas de caju e raspas de mandioca
260 3 _aCampinas, SP (Brasil):
_c1981.
500 _aAnais do 11. Congresso Brasileiro de Engenharia Agricola Campinas, SP (Brasil): 1981. v. 1 p. 489-500 (BR9401375-AM)U10
650 _aCastanha de Caju
650 _aMandioca
650 _aSecagem
650 _aCondutividade Termica
650 _aTransferencia de Calor
650 _aModelo Matematico
650 _aComputador
773 0 _tAnais do 11. Congresso Brasileiro de Engenharia Agricola
_wU10 BR9401375
_gCampinas, SP (Brasil), 1981. v. 1 p. 489-500
909 _a202404
_bLucia
_c55
_dLucia Elande
942 _cAM
_2AGRIS
999 _c322630
_d322630